000 00703nam a22002297a 4500
005 20170124105942.0
010 _aA-813097
020 _c00.00
_a33390138
035 _aA-813097
037 _bCen Lib/Ret
040 _aDPL
_bEN
082 _a332.310954
_bGHA
100 _aGhatak, Subrata
_911564
245 _aRural money markets in india /
_cby Subrata Ghatak
260 _aNew Delhi
_bThe Macmillian Company of India
_c1976
270 _bNew Delhi
300 _avii,230p.
_c21cm(Hb)
500 _aIncludes bibliographic references and index
650 _aAgricultural credit -- India.
_973163
650 _aAgricultural credit
_911566
942 _2ddc
_cEN
_h332.310954
_mGHA
999 _c124677
_d124677